000 01632nam a2200397 a 4500
001 Z_2832
003 CHAP
005 20230713125218.0
007 ta
008 220601t1982 mx ad fr 001 0 spa d
020 _a968-451-152-3
040 _aZ
_cCHAP
082 0 0 _a636.0824
_bS67 1982
_220
100 0 _aSorensen, A. M., Jr.
_eautor
_9108612
245 1 0 _aReproducción animal :
_bprincipios y prácticas /
_cA. M. Sorensen, Jr.; traducción Ramón Elizondo Mata; revisión técnica Alejandro Polanco Jaime
250 _aPrimera edición
264 _aMéxico, D. F. :
_bMcGraw-Hill,
_cc1982
300 _a539 páginas :
_bilustraciones, fotografías, gráficas, tablas
336 _2rdacontent
_atexto
_btxt
337 _2rdamedia
_asin medio
_bn
338 _2rdacarrier
_avolumen
_bnc
500 _aej.1: s/n \ ej.2: donación \ ej.3: donación\ ej.4: s/n \ ej.5: 128813 \ ej.6: s/n \ ej.7: s/n \ ej.8: donación
504 _aIncluye bibliografía
534 _cEstados Unidos: McGraw-Hill, c1979, ISBN: 0-07-059670-0
_pTítulo original:
_tAnimal reproduction: principles and practices, 1979
650 1 3 _aReproducción de animales
_9144201
650 1 3 _aAnatomía animal
_9139660
650 1 3 _aSistema reproductor de las hembras
_9187593
650 1 3 _a Sistema reproductor del macho
_9187594
650 1 7 _aInseminación artificial
_958964
700 1 _9137684
_a Elizondo Mata, Ramón
_etraductor
700 1 _990194
_aPolanco Jaime, Alejandro
_erevisión
901 _a636.0824 S67 1982
902 _aM
905 _a0000001982 0000000000 00
942 _cLIBRO
_2ddc
999 _c216882
_d216882